01823nam a2200193 450000500170000000800410001704000440005804100080010208200150011010000490012524501280017426000600030230000380036250004960040050506480089650600210154460000460156565000180161120160831092923.0160614s1886 fr |||fr|||| 001 0 spa d aCO-BoUCMbspacSandra YazodSandra Yazo0 aspa04220a922.221 aPardo Bazán, Emiliaccondesa ded1851-192110aSan Francisco de Asísb(Siglo XIII) cDoña Emilia Pardo Bazán ; con un prólogo por D. Marcelino Menéndez y pelayo aParís (Francia)bLibrería de Garnier Hermanosc1886 acxxxv, 576 páginasc19 x 13 cm. aDetalles físicos: Encuadernación rígida en cartón forrado en tela. Tapas y lomo con decoración en dorado y negro, algunos repujados. Guardas con una anotación. Anteportada. Hoja de cortesía con un retrato de la autora. Portada impresa en dos tinta. Texto impreso en una sola columna. Cenefas y remates, algunas anotaciones manuscritas entre el texto. Papel muy manchado, algunas hojas sueltas. Cortes pintados. Perteneció a la biblioteca de Mons. Rafael María Carrasquilla 0 aDedicatoria ; Prologo ; Censura y licencia eclesiástica ; Al que leyere ; Cartas ; Introducción ; La edad media y el siglo XIII ; San Francisco de Asís: Primeros años ; Aurora de la orden ; El apostolado franciscano ; San Francisco en España ; La orden se constituye ; Primera Corona ; Pasión ; Agonía, muerte, resurrección ; La orden terciaria ; La indulgencia de las rosas ; San Francisco y la mujer ; San Francisco y la naturaleza ; La pobreza franciscana y las herejías comunistas ; La conspiración franciscana en las artes ; La inspiración en la ciencia ; Los filósofos franciscanos ; San Francisco y la poesía aConsulta en sala1 aFrancisco de AsíscSanto xBiografías 7aFranciscanos